| 000 | 01299cam a22003857a 4500 | ||
|---|---|---|---|
| 003 | CHAP | ||
| 005 | 20220817043108.0 | ||
| 008 | 971010s1974 it a r 00010 spa d | ||
| 010 | _a65514 | ||
| 011 | _a66486 | ||
| 020 | _a9253000813 | ||
| 035 | _a74694 | ||
| 040 | _cCHAP | ||
| 082 | 1 | 0 |
_a627 _bF3 |
| 110 | 2 | _aFAO | |
| 245 | 1 | 3 |
_aEl riego superficial _c/por L.J. Booher |
| 260 |
_aRoma : _bFAO, _c1974 |
||
| 300 |
_a162 p. : _bilus |
||
| 490 | 0 |
_aFAO. Cuadernos de fomento agropecuario _v; 95 |
|
| 490 | 0 |
_aFAO. Fomento de tierras y aguas _v; 3 |
|
| 590 |
_aBATCH-UPD _b10 _c20130110 _lUCH01 _h0450 |
||
| 590 |
_aBATCH-UPD _b10 _c20130410 _lUCH01 _h0128 |
||
| 590 |
_aBATCH-UPD _b10 _c20130914 _lUCH01 _h0657 |
||
| 590 |
_aCONVERSION _b10 _c20130109 _lUCH01 _h1336 |
||
| 650 | 1 | 4 |
_aIrrigación. _960366 |
| 700 | 0 |
_aBooher, L. J. _913765 |
|
| 830 | 0 |
_aFAO. Cuadernos de fomento agropecuario _v; 95 _939507 |
|
| 830 | 0 |
_aFAO. Fomento de tierras y aguas _v; 3 _939565 |
|
| 901 | _aBK | ||
| 942 | _cLIBRO | ||
| 949 |
_a627 F3 _bBC _cFAO _d-147534 _eFAO2 _fc.2 _h33555 _i74694 _si |
||
| 949 |
_a627 F3 _bBC _cFAO _d-147535 _eFAO2 _fc.3 _h45862 _i74694 _si |
||
| 949 |
_a627 F3 _bBC _cFAO _d33724002202462 _eFAO1 _h33554 _i74694 _si |
||
| 949 |
_a627 F3 _bBC _cFAO _d33724002310991 _eFAO2 _fc.4 _gDonaciØn _h115819 _i74694 _sb |
||
| 999 |
_c65514 _d65514 |
||